[Event "WCh Women 2018"]
[Site "Khanty-Mansiysk RUS"]
[Date "2018.11.07"]
[Round "2.2"]
[White "Lei, Tingjie"]
[Black "Dzagnidze, Nana"]
[Result "1-0"]
[WhiteTitle "GM"]
[BlackTitle "GM"]
[WhiteElo "2457"]
[BlackElo "2516"]
[WhiteFideId "8605114"]
[BlackFideId "13601903"]
[EventDate "2018.11.03"]

1. e4 c5 2. Nf3 d6 3. d4 cxd4 4. Nxd4 Nf6 5. Nc3 a6 6. h3 e5 7. Nde2 h5 8. Nd5
Nxd5 9. Qxd5 Nc6 10. Qd1 Be6 11. Nc3 Be7 12. Nd5 Rc8 13. c3 Bg5 14. Bxg5 Qxg5
15. Ne3 O-O 16. h4 Qg6 17. Bd3 Ne7 18. Qf3 Qh6 19. O-O Qf4 20. Qxh5 g6 21. Qg5
Qxg5 22. hxg5 Kg7 23. Rfd1 Rh8 24. Be2 Rc6 25. Rd2 Rd8 26. c4 Rb8 27. Rad1 Nc8
28. g3 b5 29. b3 bxc4 30. Bxc4 a5 31. Bxe6 fxe6 32. Nc4 a4 33. Nxd6 Nxd6 34.
Rxd6 Rxd6 35. Rxd6 Kf7 36. Rd3 axb3 37. axb3 Ke7 38. Kg2 Rb4 39. Kf3 Ke8 40. Ke3
Ke7 41. f3 Rb8 42. Kd2 Rc8 43. b4 Rc4 44. Rb3 Kd7 45. b5 Ra4 46. b6 Kc8 47. b7+
Kb8 48. Rb6 Ra3 49. Ke2 Ra2+ 50. Kf1 1-0

[Event "WCh Women 2018"]
[Site "Khanty-Mansiysk RUS"]
[Date "2018.11.07"]
[Round "2.2"]
[White "Harika, Dronavalli"]
[Black "Khotenashvili, Bela"]
[Result "1/2-1/2"]
[WhiteTitle "GM"]
[BlackTitle "GM"]
[WhiteElo "2498"]
[BlackElo "2477"]
[WhiteFideId "5015197"]
[BlackFideId "13602640"]
[EventDate "2018.11.03"]

1. e4 c6 2. Nc3 d5 3. Nf3 dxe4 4. Nxe4 Nf6 5. Qe2 Bg4 6. h3 Bxf3 7. Nxf6+ gxf6
8. Qxf3 Qd5 9. Qe3 Nd7 10. d4 e5 11. Bd3 O-O-O 12. Be4 Qxd4 13. Qf3 Qc4 14. Bd3
Qd5 15. Be4 Qb5 16. a4 Qc4 17. Bd3 Qd5 18. Be4 Qc4 19. Bd3 Qd5 20. Be4 Qc4 1/2-1/2

[Event "WCh Women 2018"]
[Site "Khanty-Mansiysk RUS"]
[Date "2018.11.07"]
[Round "2.2"]
[White "Saduakassova, Dinara"]
[Black "Stefanova, Antoaneta"]
[Result "1/2-1/2"]
[WhiteTitle "IM"]
[BlackTitle "GM"]
[WhiteElo "2474"]
[BlackElo "2490"]
[WhiteFideId "13700090"]
[BlackFideId "2902257"]
[EventDate "2018.11.03"]

1. e4 e5 2. Nf3 Nc6 3. Bc4 Bc5 4. c3 Nf6 5. d3 d6 6. O-O h6 7. Re1 O-O 8. Nbd2
a5 9. Nf1 Be6 10. Bb5 Ne7 11. d4 Ba7 12. Ng3 Ng6 13. h3 c6 14. Bd3 Re8 15. Be3
Bb8 16. Qc2 a4 17. c4 Nh7 18. d5 Bd7 19. Rad1 Ng5 20. Nxg5 hxg5 21. dxc6 Bxc6
22. c5 Nf4 23. Nf5 dxc5 24. Bb5 Qf6 25. Bxc6 Qxc6 26. Rd8 Kh7 27. Rxe8 Qxe8 28.
Bxc5 g6 29. Ne3 Qc6 30. Rd1 Ne6 31. Be7 Qxc2 32. Nxc2 Ra6 33. Rd7 Rb6 34. Ba3
Kg7 35. Ne3 Ba7 36. Nc4 Rc6 37. b3 axb3 38. axb3 Bd4 39. Rxb7 Nf4 40. Kf1 Kg8
41. Rb5 f6 42. Rb8+ Kg7 43. Rb7+ Kg8 44. Rd7 Bc5 45. Bxc5 Rxc5 46. g3 Ne6 47.
Ne3 Rc1+ 48. Kg2 Nc5 49. Ra7 Nxe4 50. b4 Kf8 51. f3 Nd6 52. Ng4 Rc2+ 53. Kg1 e4
54. Rd7 Rc6 55. Nxf6 exf3 56. Kf2 Nf7 57. Ng4 Rc3 58. b5 Rb3 59. Rd5 Ke7 60. Rc5
Nd6 61. Re5+ Kf7 62. Re3 Rxb5 63. Kxf3 Nc4 64. Re1 Rb3+ 65. Kf2 Rb2+ 66. Re2
Rxe2+ 67. Kxe2 Ke6 1/2-1/2

[Event "WCh Women 2018"]
[Site "Khanty-Mansiysk RUS"]
[Date "2018.11.07"]
[Round "2.2"]
[White "Pogonina, Natalija"]
[Black "Zhu, Jiner"]
[Result "1-0"]
[WhiteTitle "WGM"]
[BlackTitle "WIM"]
[WhiteElo "2465"]
[BlackElo "2379"]
[WhiteFideId "4147855"]
[BlackFideId "8608059"]
[EventDate "2018.11.03"]

1. d4 f5 2. Nf3 Nf6 3. Bf4 g6 4. e3 Bg7 5. Bc4 e6 6. O-O O-O 7. a4 h6 8. a5 d6
9. h3 Qe7 10. Nc3 Kh7 11. Bh2 a6 12. Qe2 Nbd7 13. Ba2 e5 14. dxe5 Nxe5 15. Nxe5
dxe5 16. Rfd1 Bd7 17. Bd5 Bb5 18. Nxb5 Nxd5 19. Na3 Rad8 20. Rd2 e4 21. c3 g5
22. Nc2 Be5 23. Bxe5 Qxe5 24. Rad1 Rd6 25. Qc4 Rfd8 26. Qb3 b5 27. axb6 Rxb6 28.
Nb4 c6 29. Nxc6 Rxc6 30. Rxd5 Rxd5 31. Rxd5 Qe6 32. c4 f4 33. Qb7+ Kg6 34. b3
fxe3 35. fxe3 Rb6 36. Qc7 Qf6 37. Kh2 Re6 38. Qd7 g4 39. Qc8 h5 40. Qg8+ Kh6 41.
c5 Rc6 42. Qe8 g3+ 43. Kxg3 h4+ 44. Kh2 Kg7 45. Qd7+ 1-0

[Event "WCh Women 2018"]
[Site "Khanty-Mansiysk RUS"]
[Date "2018.11.07"]
[Round "2.2"]
[White "Zhao, Xue"]
[Black "Abdumalik, Zhansaya"]
[Result "1/2-1/2"]
[WhiteTitle "GM"]
[BlackTitle "IM"]
[WhiteElo "2478"]
[BlackElo "2473"]
[WhiteFideId "8601283"]
[BlackFideId "13703544"]
[EventDate "2018.11.03"]

1. d4 Nf6 2. c4 g6 3. Nc3 d5 4. cxd5 Nxd5 5. Bd2 Bg7 6. e4 Nxc3 7. Bxc3 O-O 8.
Qd2 c5 9. d5 e6 10. Bc4 Bxc3 11. bxc3 exd5 12. Bxd5 Nd7 13. Nf3 Nf6 14. O-O Nxd5
15. exd5 Kg7 16. Rfe1 Bf5 17. c4 Qf6 18. Ne5 Rfe8 19. f4 h5 20. h3 Rad8 21. a4
Qa6 22. Qc3 f6 23. Nf3 Qd6 24. Qd2 Qa6 25. Qb2 Qxc4 26. Rxe8 Rxe8 27. Qxb7+ Kg8
28. Qb5 Qxb5 29. axb5 Rb8 30. Rxa7 Rxb5 31. Nh4 Rb1+ 32. Kf2 Rd1 33. Nxf5 gxf5
34. Kg3 Rxd5 35. Rc7 c4 36. Kh4 Rd2 37. g3 Rd3 38. Rc5 c3 39. Rxf5 c2 40. Rc5
Rd5 41. Rxc2 Kg7 42. Rc6 Kg6 43. g4 hxg4 44. hxg4 Rd4 45. f5+ Kg7 46. Rc7+ Kh6
47. Rc8 Kg7 48. Kg3 Rb4 49. Rd8 Ra4 50. Kf3 Rb4 51. Rd7+ Kh6 52. Rd8 Kg7 53. Re8
Ra4 54. Re4 Ra7 55. Ke3 Rd7 56. Rc4 Re7+ 57. Kf4 Kf7 58. Re4 Ra7 59. Ke3 Rd7 60.
Rd4 Re7+ 61. Kd3 Kg7 62. Rd8 Re1 63. Rc8 Rg1 64. Rc4 Kh6 65. Ke3 Kg5 66. Kf3
Rf1+ 67. Kg2 Ra1 68. Rd4 Ra2+ 69. Kf3 Ra3+ 70. Kf2 Ra2+ 71. Kf3 1/2-1/2

[Event "WCh Women 2018"]
[Site "Khanty-Mansiysk RUS"]
[Date "2018.11.07"]
[Round "2.2"]
[White "Batsiashvili, Nino"]
[Black "Zhai, Mo"]
[Result "0-1"]
[WhiteTitle "GM"]
[BlackTitle "WGM"]
[WhiteElo "2465"]
[BlackElo "2352"]
[WhiteFideId "13602993"]
[BlackFideId "8600201"]
[EventDate "2018.11.03"]

1. Nf3 d5 2. e3 Nf6 3. c4 dxc4 4. Bxc4 e6 5. O-O a6 6. b3 b5 7. Be2 Bb7 8. a4 b4
9. Bb2 c5 10. Ne5 Be7 11. d3 O-O 12. Nd2 Nbd7 13. f4 Nd5 14. Ndc4 Nxe5 15. fxe5
Bg5 16. Qd2 a5 17. Rae1 Ba6 18. Rf3 Rb8 19. Rc1 Bh6 20. Rg3 Qh4 21. Bf1 Bxc4 22.
Rxc4 Qxg3 23. hxg3 Bxe3+ 24. Qxe3 Nxe3 25. Rxc5 Rbc8 26. Rxa5 Rfd8 27. Rb5 Nd1
28. Ba1 Rc1 29. Bd4 f6 30. Ba7 Ra8 31. Bb6 Rf8 32. Bc5 Rc8 33. Ba7 Ra8 34. Bb6
Nc3 35. Rxb4 Nd5 36. Rb5 Nxb6 37. Rxb6 fxe5 38. g4 Rf8 39. a5 Rfxf1+ 40. Kh2 Ra1
41. a6 Rf2 42. b4 Raa2 43. Kh3 Rxg2 44. Rxe6 Rgd2 45. Kh4 Rxd3 46. Kg5 Rf3 47.
Rb6 Rf6 48. Rb8+ Rf8 49. Rb6 h6+ 50. Kh4 Rf6 51. Rb8+ Kh7 52. b5 Rf3 53. g5 Ra4+ 0-1

[Event "WCh Women 2018"]
[Site "Khanty-Mansiysk RUS"]
[Date "2018.11.08"]
[Round "2.3"]
[White "Hoang, Thanh Trang"]
[Black "Lagno, Kateryna"]
[Result "0-1"]
[WhiteTitle "GM"]
[BlackTitle "GM"]
[WhiteElo "2448"]
[BlackElo "2556"]
[WhiteFideId "12400149"]
[BlackFideId "14109336"]
[EventDate "2018.11.03"]

1. d4 Nf6 2. Nf3 g6 3. Bf4 Bg7 4. e3 O-O 5. h3 c5 6. c3 d6 7. Nbd2 Nc6 8. dxc5
dxc5 9. Qc2 Be6 10. Be2 h6 11. O-O Qc8 12. Rfd1 Rd8 13. Bh2 g5 14. Ne5 Bf5 15.
Qb3 Nxe5 16. Bxe5 Qe6 17. Qxe6 Bxe6 18. Bf3 Bd5 19. c4 Bxf3 20. Nxf3 Ne4 21.
Bxg7 Kxg7 22. Kf1 Kf6 23. Ke2 e6 24. Nd2 Nxd2 25. Rxd2 Rxd2+ 26. Kxd2 Rd8+ 27.
Kc3 h5 28. a3 a5 29. Rb1 b6 30. b4 axb4+ 31. axb4 Ra8 32. bxc5 bxc5 33. Rb5 Ra2
34. Rb2 Ra3+ 35. Rb3 Ra2 36. Rb2 Ra1 37. Kd3 Ra3+ 38. Kc2 g4 39. hxg4 hxg4 40.
Rb3 Ra2+ 41. Rb2 Ra1 42. Kd3 Ra3+ 43. Kd2 Ke5 44. f3 g3 45. Rb7 Ra2+ 46. Kd3 f5
47. Rb5 Rxg2 48. Rxc5+ Kd6 49. Rc8 Rg1 50. Rg8 e5 51. Rg6+ Kc5 52. Rg5 g2 53.
Ke2 Ra1 54. Rxg2 Ra2+ 55. Kf1 Rxg2 56. Kxg2 Kxc4 57. e4 f4 58. Kh3 Kd3 59. Kg4
Ke3 60. Kf5 Kxf3 61. Kxe5 Kg3 62. Kd6 f3 63. e5 f2 0-1

[Event "WCh Women 2018"]
[Site "Khanty-Mansiysk RUS"]
[Date "2018.11.08"]
[Round "2.3"]
[White "Muzychuk, Mariya"]
[Black "Atalik, Ekaterina"]
[Result "1/2-1/2"]
[WhiteTitle "GM"]
[BlackTitle "IM"]
[WhiteElo "2545"]
[BlackElo "2445"]
[WhiteFideId "14114550"]
[BlackFideId "4130189"]
[EventDate "2018.11.03"]

1. e4 c6 2. d4 d5 3. e5 Bf5 4. h4 h5 5. Bd3 Bxd3 6. Qxd3 Qa5+ 7. b4 Qa6 8. Qb3
e6 9. Nf3 Ne7 10. Nc3 Nf5 11. Ne2 Nd7 12. a4 Qc4 13. Qxc4 dxc4 14. b5 c5 15.
dxc5 Bxc5 16. O-O f6 17. exf6 gxf6 18. Ba3 Bxa3 19. Rxa3 Kf7 20. Rd1 Rhd8 21.
Raa1 Nc5 22. Nd2 Nxh4 23. Nxc4 Nf5 24. a5 Rac8 25. f3 h4 26. Kf2 e5 27. Ne3 Nxe3
28. Kxe3 Ne6 29. Rxd8 Rxd8 30. Ra4 Rd5 31. b6 a6 32. c4 Rd1 33. c5 Nxc5 34. Rxh4
Rd3+ 35. Kf2 Ra3 36. Rh7+ Ke6 37. Ng3 Rxa5 38. Ne4 Nd7 39. g4 Rb5 40. g5 fxg5
41. Nxg5+ Kd6 42. Ne4+ Ke6 43. Rh6+ Ke7 44. Rh7+ Ke6 45. Rh6+ Ke7 46. Rh7+ 1/2-1/2

[Event "WCh Women 2018"]
[Site "Khanty-Mansiysk RUS"]
[Date "2018.11.08"]
[Round "2.3"]
[White "Tokhirjonova, Gulrukhbegim"]
[Black "Tan, Zhongyi"]
[Result "1-0"]
[WhiteTitle "WGM"]
[BlackTitle "GM"]
[WhiteElo "2435"]
[BlackElo "2513"]
[WhiteFideId "14203626"]
[BlackFideId "8603642"]
[EventDate "2018.11.03"]

1. e4 e5 2. Nf3 Nc6 3. Bb5 Nf6 4. d3 Bc5 5. O-O Nd4 6. Be3 Nxf3+ 7. Qxf3 Bxe3 8.
Qxe3 c6 9. Bc4 O-O 10. Bb3 d6 11. Nd2 Nd7 12. f4 Qe7 13. f5 Kh8 14. c3 Rd8 15.
Rae1 f6 16. Kh1 Nf8 17. d4 Bd7 18. Nf3 a5 19. a3 b5 20. Qf2 Be8 21. g4 b4 22.
Rg1 bxc3 23. bxc3 Rab8 24. Ba2 Bf7 25. Bxf7 Qxf7 26. g5 Rb3 27. gxf6 Qxf6 28.
dxe5 dxe5 29. Qc5 Rb5 30. Qc4 h6 31. Rg2 Rdb8 32. Qa2 R8b7 33. Reg1 Qf7 34. c4
Rb3 35. Nxe5 Qe7 36. Qa1 Qh4 37. Qd4 Qf6 38. Ng6+ Nxg6 39. Qxf6 gxf6 40. Rxg6
Rxa3 41. Rxf6 Re3 42. Rxh6+ Rh7 43. Rxc6 Rh4 44. Rc8+ Kh7 45. Rc7+ Kh6 46. Rg6+ 1-0

[Event "WCh Women 2018"]
[Site "Khanty-Mansiysk RUS"]
[Date "2018.11.08"]
[Round "2.3"]
[White "Harika, Dronavalli"]
[Black "Khotenashvili, Bela"]
[Result "1/2-1/2"]
[WhiteTitle "GM"]
[BlackTitle "GM"]
[WhiteElo "2498"]
[BlackElo "2477"]
[WhiteFideId "5015197"]
[BlackFideId "13602640"]
[EventDate "2018.11.03"]

1. e4 c6 2. Nc3 d5 3. Nf3 dxe4 4. Nxe4 Nf6 5. Qe2 Nxe4 6. Qxe4 Be6 7. b3 Nd7 8.
Bb2 Nf6 9. Qe2 Bf5 10. Nh4 Bg4 11. f3 Bd7 12. g3 e6 13. Nf5 Qa5 14. Ne3 Be7 15.
Nc4 Qd8 16. Bg2 O-O 17. O-O a5 18. a4 Nd5 19. f4 Re8 20. Kh1 Bf8 21. Ne5 f6 22.
Ng4 Qe7 23. Rae1 Qf7 24. Bf3 Rad8 25. Nf2 Bc8 26. Ne4 Be7 27. Bh5 g6 28. Bf3 Qf8
29. Bg2 Nb4 30. Qd1 f5 31. Ng5 Bf6 32. Bxf6 Qxf6 33. Re5 b6 34. Rfe1 c5 35. d3
h6 36. Nf3 Bb7 37. Qe2 Bxf3 38. Bxf3 Rd6 39. Qd2 Kf7 40. R1e3 Qd8 41. Qe2 Qd7
42. g4 Nc6 43. gxf5 Nxe5 44. fxe5 Rd4 45. fxg6+ Kg7 46. Be4 Rf8 47. c3 Rd5 48.
Qh5 Qd8 49. Rh3 Rh8 50. Bxd5 Qxd5+ 51. Qf3 Rd8 52. c4 Qxf3+ 53. Rxf3 Kxg6 54.
Kg2 Kg5 55. Kf2 h5 56. Ke3 Kg4 57. Rf6 Re8 58. d4 h4 59. Rh6 Kh3 60. Ke4 cxd4
61. Kxd4 Rd8+ 62. Ke4 Re8 63. Kd4 Rd8+ 64. Kc3 Rf8 65. Rxe6 Kxh2 66. Rxb6 h3 67.
Kd4 Rh8 68. Rg6 Kh1 69. e6 h2 70. e7 Rh4+ 71. Kd5 Rd4+ 72. Kc6 Rxc4+ 73. Kd7
Rc7+ 74. Kd8 Rxe7 75. Kxe7 1/2-1/2

[Event "WCh Women 2018"]
[Site "Khanty-Mansiysk RUS"]
[Date "2018.11.08"]
[Round "2.3"]
[White "Saduakassova, Dinara"]
[Black "Stefanova, Antoaneta"]
[Result "0-1"]
[WhiteTitle "IM"]
[BlackTitle "GM"]
[WhiteElo "2474"]
[BlackElo "2490"]
[WhiteFideId "13700090"]
[BlackFideId "2902257"]
[EventDate "2018.11.03"]

1. e4 e5 2. Nf3 Nc6 3. Bc4 Nf6 4. d3 h6 5. O-O d6 6. c3 g5 7. Be3 Bg7 8. Nbd2
O-O 9. d4 Qe7 10. Qc2 Kh8 11. dxe5 dxe5 12. b4 b6 13. a4 a5 14. b5 Nd8 15. Nb3
Bb7 16. Bd3 Nh5 17. c4 f5 18. Bc1 c5 19. Re1 g4 20. Nfd2 f4 21. Nf1 Ne6 22. Bb2
Qh4 23. Rad1 g3 24. fxg3 fxg3 25. hxg3 Nxg3 26. Nxg3 Qxg3 27. Bc1 Nf4 28. Bxf4
Rxf4 29. Bf1 Raf8 30. Rd3 Qxe1 0-1

[Event "WCh Women 2018"]
[Site "Khanty-Mansiysk RUS"]
[Date "2018.11.08"]
[Round "2.3"]
[White "Zhu, Jiner"]
[Black "Pogonina, Natalija"]
[Result "1/2-1/2"]
[WhiteTitle "WIM"]
[BlackTitle "WGM"]
[WhiteElo "2379"]
[BlackElo "2465"]
[WhiteFideId "8608059"]
[BlackFideId "4147855"]
[EventDate "2018.11.03"]

1. e4 e5 2. Nf3 Nc6 3. Bc4 Bc5 4. b4 Bb6 5. a4 a6 6. Nc3 d6 7. Nd5 Ba7 8. d3 h6
9. c3 Nf6 10. O-O O-O 11. h3 Nxd5 12. Bxd5 Ne7 13. Bb3 Ng6 14. d4 Qe7 15. Re1
Be6 16. Bc2 Bd7 17. Be3 Rfd8 18. Qd2 Qf6 19. Kh2 Be6 20. d5 Bd7 21. Bxa7 Rxa7
22. Qe3 Raa8 23. g3 c6 24. c4 Rac8 25. Nd2 Qg5 26. dxc6 Rxc6 27. Bd3 Qxe3 28.
Rxe3 a5 29. bxa5 Ra8 30. Rb1 Rc7 31. Rb6 Rxa5 32. Rxd6 Rxa4 33. Be2 Ra2 34. Nb1
Be6 35. Nc3 Rb2 36. Rd8+ Kh7 37. Nd5 Rc5 38. Kg2 Ra5 39. Bh5 Rc2 40. Rb8 Raa2
41. Rf3 Rxc4 42. Rxb7 Rd2 43. Bg4 Bxg4 44. Rfxf7 Rxd5 45. Rxg7+ Kh8 46. Rh7+ Kg8
47. Rhg7+ Kh8 48. Rxg6 Bc8 49. Rxh6+ Kg8 50. Rbh7 Rd2 51. Rh8+ Kf7 52. R8h7+ Kg8
53. Rh8+ Kf7 54. R8h7+ Kg8 55. Rh8+ Kf7 56. R8h7+ Kg8 57. Rh8+ 1/2-1/2

[Event "WCh Women 2018"]
[Site "Khanty-Mansiysk RUS"]
[Date "2018.11.08"]
[Round "2.3"]
[White "Zhao, Xue"]
[Black "Abdumalik, Zhansaya"]
[Result "0-1"]
[WhiteTitle "GM"]
[BlackTitle "IM"]
[WhiteElo "2478"]
[BlackElo "2473"]
[WhiteFideId "8601283"]
[BlackFideId "13703544"]
[EventDate "2018.11.03"]

1. d4 Nf6 2. c4 g6 3. g3 Bg7 4. Bg2 c5 5. d5 O-O 6. Nc3 e6 7. Nf3 exd5 8. cxd5
d6 9. O-O Re8 10. Re1 a6 11. a4 Nbd7 12. Bf4 Ng4 13. h3 Nge5 14. Nd2 Rb8 15. a5
b5 16. axb6 Rxb6 17. Qc2 Rb4 18. Ra4 Rb8 19. Ra2 Nb6 20. b3 Qc7 21. Rc1 f5 22.
Nd1 Qe7 23. Ne3 g5 24. Bxe5 Qxe5 25. Ndc4 Nxc4 26. Nxc4 Qf6 27. Qd3 h5 28. e3 h4
29. gxh4 g4 30. hxg4 fxg4 31. e4 Rf8 32. Qg3 Bh6 33. Ne3 Bf4 34. Nxg4 Qg7 35.
Nh6+ Bxh6 36. Rc3 Bf4 37. Qxg7+ Kxg7 38. Bh3 Be5 39. Rd3 Bxh3 40. Rxh3 Rb6 41.
Kg2 Rf4 42. Ra4 Bd4 43. f3 Kh6 44. Ra3 Bb2 45. Ra2 Be5 46. Ra3 Kh5 47. Rg3 Rxh4
48. Rg8 Rh2+ 49. Kg1 c4 50. f4 Bxf4 51. Rh8+ Kg4 52. Rg8+ Kf3 53. bxc4+ Kxe4 54.
Ra1 Rbb2 0-1

[Event "WCh Women 2018"]
[Site "Khanty-Mansiysk RUS"]
[Date "2018.11.08"]
[Round "2.4"]
[White "Lagno, Kateryna"]
[Black "Hoang, Thanh Trang"]
[Result "1-0"]
[WhiteTitle "GM"]
[BlackTitle "GM"]
[WhiteElo "2556"]
[BlackElo "2448"]
[WhiteFideId "14109336"]
[BlackFideId "12400149"]
[EventDate "2018.11.03"]

1. e4 e6 2. d4 d5 3. Nd2 Be7 4. Ngf3 Nf6 5. e5 Nfd7 6. Bd3 c5 7. c3 b6 8. O-O
Ba6 9. Bxa6 Nxa6 10. Ne1 O-O 11. Qg4 Nab8 12. Ndf3 Kh8 13. Nd3 Nc6 14. h4 Rc8
15. Bg5 Rg8 16. Qh5 f6 17. exf6 gxf6 18. Bh6 Qe8 19. Qxe8 Rcxe8 20. Rfe1 Nd8 21.
b3 Bd6 22. Bf4 Bf8 23. Bc7 Nf7 24. Nf4 cxd4 25. cxd4 Bb4 26. Rxe6 Rxe6 27. Nxe6
Rc8 28. Bf4 b5 29. Rc1 Bc3 30. Nc7 Bb2 31. Rb1 Ba3 32. Nxb5 Bf8 33. Rc1 Rxc1+
34. Bxc1 a5 35. Bd2 Bb4 36. Bxb4 axb4 37. Nc7 Nb6 38. Na6 Nd6 39. Nxb4 Ne4 40.
a4 Nc3 41. a5 Nc8 42. Nc6 Kg7 43. g4 Kf7 44. g5 fxg5 45. Nxg5+ Kg6 46. Ne6 Kf6
47. Nc7 Kf5 48. a6 Ke4 49. Kf1 Kd3 50. a7 Nxa7 51. Nxa7 1-0

[Event "WCh Women 2018"]
[Site "Khanty-Mansiysk RUS"]
[Date "2018.11.08"]
[Round "2.4"]
[White "Ni, Shiqun"]
[Black "Kosteniuk, Alexandra"]
[Result "0-1"]
[WhiteTitle "WGM"]
[BlackTitle "GM"]
[WhiteElo "2436"]
[BlackElo "2543"]
[WhiteFideId "8608466"]
[BlackFideId "4128125"]
[EventDate "2018.11.03"]

1. e4 e5 2. Nf3 Nc6 3. Bb5 a6 4. Ba4 Nf6 5. O-O Be7 6. Re1 b5 7. Bb3 O-O 8. a4
b4 9. d3 d6 10. Nbd2 Na5 11. Ba2 c5 12. Nf1 Be6 13. Bxe6 fxe6 14. c3 Rb8 15. Ng3
bxc3 16. bxc3 c4 17. Ba3 Nd7 18. d4 Nb3 19. dxe5 dxe5 20. Bxe7 Qxe7 21. Ra2 Nbc5
22. Nd2 Nd3 23. Rf1 Qc5 24. Nh1 Rf6 25. g3 Rbf8 26. Qe2 a5 27. h3 Nb6 28. Kg2
Qc6 29. Qd1 Nc5 30. f3 Rd8 31. Qc2 Rf7 32. Rb1 Rfd7 33. Nf1 Nb3 34. Nf2 h5 35.
g4 h4 36. g5 Qc5 37. Qe2 Rd6 38. Qe1 Nd7 39. Ng4 Nf8 40. Qxh4 Ng6 41. Qe1 Rd3
42. Nge3 Nf4+ 43. Kg3 Qf8 44. Rf2 Nh5+ 45. Kg2 Qf4 46. Ng4 Qxg5 47. Ne3 Qh4 48.
Kg1 Nf4 49. Rh2 Nxh3+ 50. Kh1 Qxe1+ 51. Rxe1 Nf4 52. Nxc4 Rd1 0-1

[Event "WCh Women 2018"]
[Site "Khanty-Mansiysk RUS"]
[Date "2018.11.08"]
[Round "2.4"]
[White "Atalik, Ekaterina"]
[Black "Muzychuk, Mariya"]
[Result "0-1"]
[WhiteTitle "IM"]
[BlackTitle "GM"]
[WhiteElo "2445"]
[BlackElo "2545"]
[WhiteFideId "4130189"]
[BlackFideId "14114550"]
[EventDate "2018.11.03"]

1. d4 d5 2. c4 c6 3. Nf3 Nf6 4. Nc3 e6 5. g3 dxc4 6. Bg2 Nbd7 7. O-O Be7 8. a4
O-O 9. e4 e5 10. dxe5 Ng4 11. Bf4 Qa5 12. e6 fxe6 13. Bh3 Nde5 14. Nd2 Nxf2 15.
Rxf2 Bc5 16. Qe2 Bxf2+ 17. Qxf2 g5 18. Kh1 gxf4 19. gxf4 Ng6 20. Rg1 Qc7 21. Ne2
Kh8 22. Nxc4 b5 23. Qd4+ e5 24. Nxe5 Nxe5 25. fxe5 c5 26. Qc3 b4 27. Qe3 Bxh3
28. Nf4 Rxf4 29. Qxf4 Qe7 30. e6 Qxe6 31. Rg5 Re8 32. Kg1 Rg8 33. Kf2 Rxg5 34.
Qxg5 c4 35. Ke3 h6 36. Qd8+ Kg7 37. Qc7+ Kg6 38. Qg3+ Kf7 39. Qc7+ Qe7 40. Qxc4+
Be6 41. Qb5 Qg5+ 42. Kd4 Qxb5 43. axb5 b3 44. Kc5 Kf6 45. Kd6 Bc4 46. e5+ Kf5 0-1

[Event "WCh Women 2018"]
[Site "Khanty-Mansiysk RUS"]
[Date "2018.11.08"]
[Round "2.4"]
[White "Tan, Zhongyi"]
[Black "Tokhirjonova, Gulrukhbegim"]
[Result "1/2-1/2"]
[WhiteTitle "GM"]
[BlackTitle "WGM"]
[WhiteElo "2513"]
[BlackElo "2435"]
[WhiteFideId "8603642"]
[BlackFideId "14203626"]
[EventDate "2018.11.03"]

1. c4 e5 2. g3 Nf6 3. Bg2 d5 4. cxd5 Nxd5 5. Nf3 Nc6 6. O-O Be7 7. d4 exd4 8.
Nxd4 Nxd4 9. Qxd4 Nf6 10. Qa4+ c6 11. Rd1 Qb6 12. Be3 Bc5 13. Bxc5 Qxc5 14. b4
Qb6 15. Na3 O-O 16. Nc4 Qc7 17. Qa5 Qe7 18. Nb6 Rb8 19. Nxc8 Rfxc8 20. Qxa7 Ra8
21. Qb6 Ra6 22. Qd4 Ra4 23. a3 Qxe2 24. Re1 Qa6 25. Rad1 h6 26. Bh3 Rf8 27. Qc5
Qa8 28. b5 Rxa3 29. b6 Ra5 30. Qc4 Rd5 31. Ra1 Qd8 32. Reb1 Rd4 33. Qc5 Qd6 34.
Qf5 Rb4 35. Ra7 Rxb1+ 36. Qxb1 Rb8 37. Qf5 Qd8 38. Qe5 Nd5 39. Ra4 Qe8 40. Qd4
c5 41. Qa1 Nb4 42. Bg2 Qd8 43. Qe5 Nc6 44. Qf4 Qxb6 45. Bd5 Rf8 46. Kg2 Qd8 47.
Ba2 Nd4 48. Ra7 Qb8 49. Bxf7+ Kh8 50. Qxb8 Rxb8 51. h4 b5 52. Rc7 b4 53. Rxc5 b3
54. Bg6 b2 55. Bb1 Kg8 56. Rd5 Ne2 57. Rc5 Rb3 58. Bg6 Rb8 59. Bb1 Rb3 60. Re5
Nc3 61. Bg6 Rb8 62. Rc5 b1=Q 63. Bxb1 Nxb1 64. h5 Nd2 65. g4 Rf8 66. Rc7 Ne4 67.
f3 Ng5 68. Rc3 g6 69. hxg6 Kg7 70. Kg3 Rxf3+ 71. Rxf3 Nxf3 72. Kxf3 Kxg6 1/2-1/2

[Event "WCh Women 2018"]
[Site "Khanty-Mansiysk RUS"]
[Date "2018.11.08"]
[Round "2.4"]
[White "Khotenashvili, Bela"]
[Black "Harika, Dronavalli"]
[Result "0-1"]
[WhiteTitle "GM"]
[BlackTitle "GM"]
[WhiteElo "2477"]
[BlackElo "2498"]
[WhiteFideId "13602640"]
[BlackFideId "5015197"]
[EventDate "2018.11.03"]

1. d4 d6 2. Nf3 g6 3. e4 Nf6 4. Nc3 Bg7 5. Bc4 O-O 6. O-O Bg4 7. h3 Bxf3 8. Qxf3
Nc6 9. Qd1 e5 10. d5 Ne7 11. Bd3 c6 12. dxc6 bxc6 13. a4 d5 14. a5 Rb8 15. Qe1
Qc7 16. f4 dxe4 17. Nxe4 Nxe4 18. Qxe4 Nf5 19. Qc4 Nd6 20. Qa4 c5 21. c3 c4 22.
Bc2 Qc5+ 23. Kh1 Rfe8 24. Qa3 Qxa3 25. Rxa3 exf4 26. Ba4 Re4 27. Bc6 Re6 28. Bd5
Re5 29. Rd1 g5 30. a6 Rbe8 31. Kg1 Re1+ 32. Rxe1 Rxe1+ 33. Kf2 Rxc1 34. Ra4 Rc2+
35. Kf3 Rxb2 36. Bxc4 Nxc4 37. Rxc4 Rb6 38. Rc8+ Bf8 39. c4 Rxa6 40. c5 Kg7 41.
c6 h6 42. h4 Ra3+ 43. Ke4 Rc3 44. h5 a5 45. Kd5 a4 46. c7 a3 47. Kd4 Rc2 48. Kd3
Rc1 49. Kd2 Rc6 50. Kd3 Bd6 0-1

[Event "WCh Women 2018"]
[Site "Khanty-Mansiysk RUS"]
[Date "2018.11.08"]
[Round "2.4"]
[White "Stefanova, Antoaneta"]
[Black "Saduakassova, Dinara"]
[Result "1/2-1/2"]
[WhiteTitle "GM"]
[BlackTitle "IM"]
[WhiteElo "2490"]
[BlackElo "2474"]
[WhiteFideId "2902257"]
[BlackFideId "13700090"]
[EventDate "2018.11.03"]

1. d4 Nf6 2. Nf3 b6 3. e3 Bb7 4. Bd3 g6 5. c4 Bg7 6. O-O O-O 7. Re1 d6 8. e4 e5
9. d5 Nbd7 10. Nc3 a5 11. a3 Nh5 12. Rb1 Nc5 13. Bc2 Bc8 14. b4 axb4 15. axb4
Na6 16. Bg5 Qe8 17. Ba4 Bd7 18. Bxd7 Qxd7 19. Be3 Qe7 20. Nd2 Nf4 21. Nf1 Qd7
22. Ng3 h5 23. Nge2 Qg4 24. Nxf4 exf4 25. f3 Qg5 26. Bd4 Be5 27. Nb5 Qh4 28. Re2
Rac8 29. Ra2 Nb8 30. Ra7 Bxd4+ 31. Qxd4 c5 32. Qf2 Qd8 33. Qd2 cxb4 34. Rxb4 g5
35. h4 Nd7 36. Nxd6 Rc7 37. Rxc7 Qxc7 38. Nf5 Qc5+ 39. Kh2 Ne5 40. hxg5 Ra8 41.
Qd4 Qxb4 42. Qxe5 Qf8 43. Nh6+ Kh7 44. Qf5+ Kg7 45. Qf6+ Kh7 46. Qf5+ Kg7 47.
Qf6+ Kh7 48. Qf5+ 1/2-1/2